[Event "Berkeley CC Colle FNM; 30/90, SD/30"]
[Site "Berkeley"]
[Date "2011.06.10"]
[Round "1.3"]
[White "Lesquillier, Walter"]
[Black "Krasnov, Steven"]
[Result "1/2-1/2"]
[WhiteElo "1722"]
[BlackElo "1956"]
[PlyCount "114"]
[EventDate "2011.??.??"]
[SourceDate "2007.10.22"]

1. d4 Nf6 2. c4 g6 3. Nc3 Bg7 4. e4 d6 5. f4 O-O 6. Nf3 c5 7. d5 a6 8. Bd3 e6
9. a4 exd5 10. cxd5 Re8 11. O-O Qc7 12. Nd2 Nbd7 13. Nc4 Nb6 14. Nxd6 Qxd6 15.
e5 Qd8 16. d6 Nfd5 17. Ne4 c4 18. Bxc4 Nxc4 19. Qxd5 Qb6+ 20. Qc5 Be6 21. Qxb6
Nxb6 22. Be3 Nd7 23. Rac1 Bd5 24. Nc3 Bc4 25. Rfe1 g5 26. g3 Rac8 27. Bd4 Rc6
28. Ne4 gxf4 29. gxf4 Bd5 30. Rxc6 Bxc6 31. Nc3 Bh6 32. Rf1 b6 33. b4 Bg7 34.
Re1 h6 35. Kf2 Kh7 36. b5 axb5 37. axb5 Bb7 38. Na4 Ra8 39. Nxb6 Ra2+ 40. Re2
Rxe2+ 41. Kxe2 Nxb6 42. Bxb6 Bc8 43. Bd8 Kg6 44. b6 Kf5 45. Be7 Ke6 46. Kf3 h5
47. h4 Kd7 48. Ke4 Kc6 49. Bd8 Bh6 50. Ke3 f6 51. Bxf6 Kxb6 52. Ke4 Kc5 53. Bg5
Bf8 54. f5 Bb7+ 55. Kf4 Bc8 56. Be7 Bh6+ 57. Bg5 Bf8 1/2-1/2

[Event "Berkeley CC Colle FNM; 30/90, SD/30"]
[Site "Berkeley"]
[Date "2011.06.24"]
[Round "3.9"]
[White "Lesquillier, Walter"]
[Black "Li, William J"]
[Result "1-0"]
[WhiteElo "1722"]
[BlackElo "1444"]
[PlyCount "101"]
[EventDate "2011.??.??"]
[SourceDate "2007.10.22"]

1. Nf3 Nc6 2. d4 e6 3. e4 Nf6 4. Bd3 b6 5. e5 Nd5 6. a3 Bb7 7. c4 Nde7 8. Nc3
Nf5 9. Bxf5 exf5 10. d5 Na5 11. b3 d6 12. O-O dxe5 13. Nxe5 Bd6 14. Nf3 O-O 15.
Bb2 Re8 16. Qc2 Qd7 17. Rfe1 c6 18. Rxe8+ Rxe8 19. Rd1 Qe7 20. dxc6 Bxc6 21.
Nd5 Qe2 22. Qb1 Nxb3 23. Bxg7 Kxg7 24. Qxb3 Bxa3 25. Qc3+ Kg8 26. Nf6+ Kf8 27.
Qxa3+ Qe7 28. Qxe7+ Rxe7 29. Nd4 Bd7 30. Nxh7+ Kg7 31. Ng5 a5 32. Ngf3 Be6 33.
Rb1 Rb7 34. c5 Kf6 35. c6 Rb8 36. h4 a4 37. Nb5 Ra8 38. Ra1 Bc4 39. Nfd4 f4 40.
c7 f3 41. Nd6 Ke5 42. Nxc4+ Kxd4 43. Nxb6 Rg8 44. Rxa4+ Kd3 45. Ra3+ Ke2 46.
Rxf3 f5 47. Rxf5 Rg4 48. c8=Q Rxh4 49. Qc2+ Ke1 50. Re5+ Re4 51. Rxe4# 1-0

[Event "Berkeley CC Capablanca FNM; 30/90, SD/3"]
[Site "Berkeley"]
[Date "2011.10.21"]
[Round "6.7"]
[White "Lesquillier, Walter"]
[Black "Magganas, Alexander"]
[Result "1/2-1/2"]
[WhiteElo "1708"]
[BlackElo "1665"]
[PlyCount "52"]
[EventDate "2011.??.??"]
[SourceDate "2007.10.22"]

1. Nf3 Nf6 2. d4 g6 3. c4 Bg7 4. Nc3 d5 5. Qb3 dxc4 6. Qxc4 O-O 7. e4 Na6 8.
Qb3 b6 9. Qa4 Nb8 10. Bf4 Bd7 11. Qc4 c6 12. a4 Be6 13. Qb4 a5 14. Qa3 Na6 15.
Bxa6 Rxa6 16. O-O Nh5 17. Bg5 Ra7 18. Rad1 Rd7 19. Rfe1 h6 20. Bc1 Bg4 21. Be3
Bxf3 22. gxf3 Kh7 23. Ne2 c5 24. d5 e6 25. Qd3 exd5 26. exd5 Qf6 {
remainder illegible} 1/2-1/2

[Event "Berkeley CC Christiansen FNM; 30/90, SD/"]
[Site "Berkeley"]
[Date "2012.05.25"]
[Round "3.6"]
[White "Lesquillier, Walte"]
[Black "Maser, Thomas F"]
[Result "1/2-1/2"]
[WhiteElo "1738"]
[BlackElo "1952"]
[PlyCount "91"]
[EventDate "2012.??.??"]

1. c4 e5 2. Nc3 Nf6 3. Nf3 Nc6 4. d4 e4 5. Ng5 Bb4 6. a3 Bxc3+ 7. bxc3 h6 8.
Nh3 O-O 9. Nf4 Re8 10. e3 Ne7 11. Be2 c5 12. O-O d6 13. Nh5 Ng6 14. Ng3 Be6 15.
f3 exf3 16. Rxf3 d5 17. Rf1 dxc4 18. Qa4 Nd5 19. Qc2 cxd4 20. exd4 b5 21. Bd2
Qd7 22. Bf3 Rad8 23. Bxd5 Bxd5 24. Rae1 Qg4 25. Qd1 Qxd1 26. Rxd1 Re6 27. Rde1
Rde8 28. Rxe6 Rxe6 29. h3 Be4 30. Re1 Bd3 31. Rxe6 fxe6 32. Nh5 Nf8 33. Nf4 Be4
34. Kf2 Kf7 35. g3 Bf5 36. h4 Nd7 37. Ng2 Nf6 38. Ke3 Ne4 39. Be1 g5 40. hxg5
hxg5 41. Kf3 Kf6 42. Ne3 Nd6 43. Kf2 a5 44. Ke2 e5 45. Nd5+ Ke6 46. Nc7+
1/2-1/2

[Event "Berkeley CC De Firmian FNM; 30/90, SD/30"]
[Site "Berkeley"]
[Date "2012.04.20"]
[Round "4.3"]
[White "Lesquillier, Walte"]
[Black "Poehlmann, Roger M"]
[Result "0-1"]
[WhiteElo "1746"]
[BlackElo "2256"]
[PlyCount "90"]
[EventDate "2012.??.??"]

1. Nf3 d5 2. d4 Nf6 3. Bf4 g6 4. e3 Bg7 5. Bd3 b6 6. Nbd2 Bb7 7. c3 O-O 8. Qc2
c5 9. O-O Nc6 10. Rad1 Nd7 11. Bb5 a6 12. Bxc6 Bxc6 13. Ne5 Nxe5 14. dxe5 Qc8
15. Nf3 h6 16. Bg3 Qe6 17. b3 a5 18. c4 a4 19. Qc3 axb3 20. axb3 Ra3 21. Ra1
Rfa8 22. Rxa3 Rxa3 23. Qb2 Ra8 24. Nd2 Rd8 25. Ra1 d4 26. e4 g5 27. b4 h5 28.
h3 h4 29. Bh2 Bxe5 30. Bxe5 Qxe5 31. f3 Qf4 32. Re1 Ra8 33. Nb3 Qe5 34. Nc1
cxb4 35. Nd3 Qg3 36. Qxd4 Ra2 37. Nf2 Bd7 38. Kf1 Be6 39. Rc1 b3 40. Qxb6 b2
41. Rb1 Bxc4+ 42. Kg1 Qf4 43. Qd8+ Kh7 44. Qd4 Qc1+ 45. Qd1 Qxb1 0-1

[Event "Purdy FNM; 30/90, SD/30"]
[Site "Berkeley"]
[Date "2010.01.08"]
[Round "1.14"]
[White "Lesquillier, Walter"]
[Black "Scherer, Samuel C"]
[Result "1-0"]
[WhiteElo "1678"]
[BlackElo "1077"]
[PlyCount "39"]
[EventDate "2010.??.??"]
[SourceDate "2007.10.22"]

1. e4 e5 2. f4 exf4 3. Nf3 Nc6 4. d4 d6 5. Bxf4 Nf6 6. Nc3 g6 7. Qd2 Qe7 8.
O-O-O Bd7 9. Nd5 Nxd5 10. exd5 O-O-O 11. Bd3 Bg7 12. Rde1 Qf6 13. Bg5 Bh6 14.
dxc6 Bxg5 15. cxd7+ Rxd7 16. Qxg5 Qxg5+ 17. Nxg5 Kd8 18. Re2 Re7 19. Rhe1 Rxe2
20. Rxe2 1-0

[Event "Berkeley CC Capablanca FNM; 30/90, SD/3"]
[Site "Berkeley"]
[Date "2011.09.23"]
[Round "2.15"]
[White "Lesquillier, Walter"]
[Black "Shaughnessy, Elizabeth"]
[Result "1-0"]
[WhiteElo "1708"]
[BlackElo "1580"]
[PlyCount "99"]
[EventDate "2011.??.??"]
[SourceDate "2007.10.22"]

1. c4 Nf6 2. Nf3 e6 3. Nc3 Bc5 4. g3 O-O 5. Bg2 d5 6. d4 Bb4 7. Qb3 Bxc3+ 8.
bxc3 Ne4 9. Nd2 dxc4 10. Nxc4 f5 11. Ne5 c6 12. O-O Na6 13. Qc2 Nf6 14. Ba3 Re8
15. Rab1 Nc7 16. Rfd1 Ncd5 17. c4 Nb6 18. Bb2 Qc7 19. a4 Nbd7 20. f4 Nxe5 21.
fxe5 Nd7 22. Kh1 Nb6 23. Ba3 Bd7 24. Bd6 Qd8 25. a5 Nc8 26. Rxb7 Nxd6 27. exd6
Bc8 28. Rc7 Qxd6 29. Rxc6 Qd7 30. a6 Rb8 31. c5 Qd8 32. Qc3 e5 33. Rd6 Qe7 34.
Bc6 exd4 35. Qxd4 Rf8 36. Bd5+ Kh8 37. Bc4 Qe4+ 38. Kg1 Qxd4+ 39. R1xd4 g6 40.
Rd8 Kg7 41. Rxf8 Kxf8 42. Rd8+ Ke7 43. Rh8 Kd7 44. Rxh7+ Kc6 45. Rxa7 Kxc5 46.
Rc7+ Kb6 47. Rg7 Kc5 48. Bd3 Kd4 49. Kf2 Rb6 50. a7 1-0

[Event "BCC Grand ReOpening 2007"]
[Site "?"]
[Date "2007.10.14"]
[Round "6"]
[White "Lesquillier, Walter"]
[Black "Shaughnessy, Elizabeth"]
[Result "1-0"]
[WhiteElo "1750"]
[BlackElo "1602"]
[PlyCount "79"]
[EventDate "2007.??.??"]
[SourceDate "2007.10.22"]

1. Nf3 Nc6 2. d4 d5 3. c4 e5 4. cxd5 Qxd5 5. Nc3 Bb4 6. Bd2 Bxc3 7. Bxc3 e4 8.
Nd2 Nf6 9. e3 O-O 10. Qb3 Qg5 11. O-O-O a5 12. Kb1 a4 13. Qb5 Qg6 14. h3 Na7
15. Qc5 c6 16. g4 b5 17. Be2 Nd7 18. Qe7 Nb6 19. Bb4 Be6 20. h4 Nd5 21. Qc5
Nxb4 22. Qxb4 Nc8 23. h5 Qh6 24. Rdg1 Bd5 25. g5 Qe6 26. a3 Nd6 27. Qc3 Nb7 28.
f3 exf3 29. Bd3 f2 30. e4 fxg1=Q+ 31. Rxg1 Bb3 32. Nf3 Bc4 33. Bc2 Na5 34. Ne5
Ba2+ 35. Ka1 Bc4 36. h6 g6 37. d5 cxd5 38. Nd7 f6 39. Nxf8 Rxf8 40. Qxa5 {
(Black's flag falls)} 1-0

[Event "Berkeley CS Rubinstein FNM; 30/90, SD/3"]
[Site "Berkeley"]
[Date "2011.08.19"]
[Round "4.7"]
[White "Lesquillier, Walter"]
[Black "Stearman, Josiah"]
[Result "1-0"]
[WhiteElo "1696"]
[BlackElo "1772"]
[PlyCount "69"]
[EventDate "2011.??.??"]
[SourceDate "2007.10.22"]

1. d4 d5 2. c4 e6 3. Nc3 Nf6 4. Nf3 c6 5. e3 Be7 6. Bd3 O-O 7. O-O Qc7 8. Qc2
Na6 9. a3 Bd7 10. b4 Rac8 11. Bb2 dxc4 12. Bxc4 b5 13. Be2 Nd5 14. Ne4 f5 15.
Nc3 Bd6 16. Rac1 Rf6 17. Ne5 Bxe5 18. dxe5 Rh6 19. Nxd5 exd5 20. Qd2 Qd8 21.
Qd4 Nc7 22. e6 Nxe6 23. Qe5 Kh8 24. Rfd1 Qh4 25. h3 Re8 26. Bxb5 d4 27. Bxc6
Ng5 28. Bxd7 Nxh3+ 29. gxh3 Rg6+ 30. Kf1 Qxh3+ 31. Ke2 Qh5+ 32. f3 Rg2+ 33. Kd3
Rxe5 34. Rc8+ Re8 35. Bxe8 1-0

[Event "Berkeley CS Rubinstein FNM; 30/90, SD/3"]
[Site "Berkeley"]
[Date "2011.08.12"]
[Round "3.6"]
[White "Lesquillier, Walter"]
[Black "Stern, Benjamin P"]
[Result "0-1"]
[WhiteElo "1696"]
[BlackElo "1825"]
[PlyCount "56"]
[EventDate "2011.??.??"]
[SourceDate "2007.10.22"]

1. d4 d5 2. c4 c6 3. e3 Bf5 4. Bd3 Bxd3 5. Qxd3 Nf6 6. Nc3 Nbd7 7. Nf3 e6 8.
O-O Bd6 9. cxd5 exd5 10. e4 dxe4 11. Nxe4 Be7 12. Nc3 O-O 13. Bg5 Nc5 14. Qc2
Ne6 15. Be3 Qa5 16. Ne4 Nxe4 17. Qxe4 Bf6 18. a3 Rad8 19. Rfd1 Rd5 20. Rd3 Rfd8
21. b4 Qb5 22. Rd2 g6 23. Rad1 Qa4 24. Qb1 b6 25. Qc1 R5d6 26. Qc3 c5 27. Qb2
cxd4 28. Bxd4 Nxd4 0-1

[Event "Berkeley CC De Firmian FNM; 30/90, SD/30"]
[Site "Berkeley"]
[Date "2012.04.06"]
[Round "2.5"]
[White "Lesquillier, Walte"]
[Black "Wang, Michael J"]
[Result "1-0"]
[WhiteElo "1746"]
[BlackElo "1700"]
[PlyCount "75"]
[EventDate "2012.??.??"]

1. Nf3 Nf6 2. b3 d5 3. Bb2 Bf5 4. e3 c5 5. Bb5+ Nbd7 6. O-O e6 7. d3 Bd6 8.
Nbd2 O-O 9. Bxd7 Nxd7 10. e4 Bg6 11. Re1 Qb8 12. Qe2 f6 13. exd5 e5 14. Ne4 Be7
15. Ng3 b5 16. c4 Nb6 17. Nh4 Qe8 18. Ngf5 Bxf5 19. Nxf5 Qd7 20. Qg4 g6 21.
Nxe7+ Qxe7 22. f4 bxc4 23. bxc4 Na4 24. Ba3 Rac8 25. Re3 Qd6 26. Rae1 Nb6 27.
Bb2 f5 28. Qe2 e4 29. dxe4 Qxf4 30. g3 Qg5 31. e5 f4 32. Rf3 h5 33. Bc1 h4 34.
Rxf4 Rxf4 35. Bxf4 Qf5 36. Qe4 hxg3 37. Bxg3 a6 38. e6 1-0

[Event "Berkeley CC Christiansen FNM; 30/90, SD/"]
[Site "Berkeley"]
[Date "2012.06.08"]
[Round "5.7"]
[White "Lesquillier, Walter"]
[Black "Wang, Michael J"]
[Result "1/2-1/2"]
[WhiteElo "1747"]
[BlackElo "1704"]
[PlyCount "49"]
[EventDate "2012.??.??"]

1. Nf3 d5 2. d4 Nf6 3. c4 c6 4. Nc3 Bf5 5. e3 e6 6. Bd3 Bxd3 7. Qxd3 Nbd7 8. a3
a5 9. e4 dxe4 10. Nxe4 Nxe4 11. Qxe4 Nf6 12. Qe2 Be7 13. O-O O-O 14. Bg5 Re8
15. Rfe1 Qc7 16. Rac1 Rad8 17. Qc2 c5 18. dxc5 Qxc5 19. Be3 Qc7 20. h3 h6 21.
Qe2 Bc5 22. Nd4 Qb6 23. Nc2 Bxe3 24. Nxe3 Ne4 25. Qc2 1/2-1/2

[Event "George Koltanowski Sunday Marathon"]
[Site "?"]
[Date "2007.11.04"]
[Round "3"]
[White "Lesquillier, Walter"]
[Black "Zinoman, Alexander"]
[Result "1-0"]
[WhiteElo "1719"]
[BlackElo "1295"]
[PlyCount "67"]
[EventDate "2007.10.28"]
[SourceDate "2007.10.22"]

1. Nf3 d5 2. d4 Nf6 3. c4 c6 4. Nc3 Bg4 5. e3 e6 6. Be2 Bb4 7. O-O O-O 8. Qc2
Nbd7 9. Rd1 Nb6 10. Ne5 Bf5 11. Bd3 Bxd3 12. Qxd3 Bxc3 13. Qxc3 Ne4 14. Qc2 Nf6
15. b3 Nbd7 16. Bb2 Qc7 17. f3 Nxe5 18. dxe5 Nd7 19. cxd5 exd5 20. Rxd5 Rac8
21. Rd6 Rfe8 22. f4 Nb6 23. e4 Rcd8 24. Rad1 Nc8 25. R6d2 Ne7 26. Qc5 b6 27.
Rxd8 Rxd8 28. Rxd8+ Qxd8 29. Qd6 Qe8 30. e6 c5 31. Qd7 Qf8 32. f5 a6 33. f6 Ng6
34. e7 1-0

[Event "Berkeley CC Capablanca FNM; 30/90, SD/3"]
[Site "Berkeley"]
[Date "2011.09.30"]
[Round "3.11"]
[White "Li Jr, William"]
[Black "Acosta, Anthony"]
[Result "0-1"]
[WhiteElo "1489"]
[BlackElo "1643"]
[PlyCount "32"]
[EventDate "2011.??.??"]
[SourceDate "2007.10.22"]

1. e4 d5 2. exd5 Qxd5 3. Nc3 Qa5 4. d4 Nf6 5. Bd2 c6 6. Bd3 Qb6 7. Nf3 Bg4 8.
Na4 Qd8 9. c3 e6 10. Nc5 Bxc5 11. dxc5 Qxd3 12. Ne5 Qe4+ 13. Be3 Bxd1 14. Nxf7
Kxf7 15. Rxd1 Nbd7 16. Ke2 Rhd8 {remainder illegible} 0-1

[Event "Berkeley CC Capablanca FNM; 30/90, SD/3"]
[Site "Berkeley"]
[Date "2011.10.14"]
[Round "5.16"]
[White "Li Jr, William"]
[Black "Curto, Wayne"]
[Result "0-1"]
[WhiteElo "1489"]
[BlackElo "1900"]
[PlyCount "76"]
[EventDate "2011.??.??"]
[SourceDate "2007.10.22"]

1. e4 c6 2. d4 d5 3. exd5 cxd5 4. Bd3 Nc6 5. c3 Nf6 6. Bf4 Bg4 7. Qb3 Qc8 8.
Nd2 e6 9. Ngf3 Bxf3 10. Nxf3 Be7 11. O-O O-O 12. Rac1 b6 13. Qa4 Na5 14. Ne5
Nh5 15. Bg3 Nxg3 16. fxg3 Bg5 17. Rc2 f6 18. b4 Be3+ 19. Kh1 fxe5 20. bxa5 e4
21. Be2 Rxf1+ 22. Bxf1 Qf8 23. Ba6 Rb8 24. Qd7 bxa5 25. Qxe6+ Kh8 26. h3 Rb1+
27. Kh2 Bg1+ 28. Kh1 Bxd4+ 29. Kh2 Bg1+ 30. Kh1 Be3+ 31. Kh2 Qb8 32. Qxd5 Bg1+
33. Kh1 Bf2+ 34. Kh2 Rh1+ 35. Kxh1 Qb1+ 36. Rc1 Qxc1+ 37. Bf1 Qxf1+ 38. Kh2
Qg1# 0-1

[Event "Berkeley CC De Firmian FNM; 30/90, SD/30"]
[Site "Berkeley"]
[Date "2012.04.06"]
[Round "2.7"]
[White "Li Jr, William"]
[Black "Karas, Nicholas"]
[Result "0-1"]
[WhiteElo "1679"]
[BlackElo "2099"]
[PlyCount "54"]
[EventDate "2012.??.??"]

1. c4 Nf6 2. g3 g6 3. Bg2 Bg7 4. Nc3 O-O 5. d4 d6 6. e3 c6 7. Nge2 Qa5 8. O-O
Qh5 9. Nf4 Qxd1 10. Rxd1 Nbd7 11. Rb1 a5 12. d5 Ne5 13. dxc6 bxc6 14. c5 Bg4
15. cxd6 Bxd1 16. dxe7 Rfe8 17. Nxd1 Rxe7 18. b3 Rd8 19. Bb2 Red7 20. Nc3 Nd3
21. Nxd3 Rxd3 22. Kf1 Ng4 23. h3 Nxe3+ 24. fxe3 Bxc3 25. Bxc6 Rd1+ 26. Rxd1
Rxd1+ 27. Ke2 Rd2+ 0-1

[Event "Berkeley CC Ch2011 FNM; 30/90, SD/30"]
[Site "Berkeley"]
[Date "2011.11.18"]
[Round "3.15"]
[White "Li Jr, William"]
[Black "Loica-mersa, Caius"]
[Result "1-0"]
[WhiteElo "1637"]
[BlackElo "1614"]
[PlyCount "117"]
[EventDate "2011.??.??"]
[SourceDate "2007.10.22"]

1. Nf3 Nf6 2. g3 d5 3. Bg2 Bf5 4. O-O Nbd7 5. d3 e5 6. Nbd2 Bc5 7. c4 c6 8. a3
a5 9. b3 Qb6 10. Bb2 Ng4 11. Qe1 f6 12. h3 Nh6 13. g4 e4 14. Nh4 e3 15. gxf5
exf2+ 16. Rxf2 O-O-O 17. d4 Bxd4 18. Bxd4 Qxd4 19. Ndf3 Qb6 20. cxd5 Qxb3 21.
dxc6 bxc6 22. Qxa5 Rhe8 23. Rc1 Nb8 24. Qc3 Qb6 25. Kf1 Nf7 26. Nd2 Re3 27. Qc2
Ne5 28. Nc4 Nxc4 29. Qxc4 Kc7 30. Qf4+ Kc8 31. Rf3 Re7 32. Rfc3 Red7 33. Ke1
Qa5 34. Qb4 Qxb4 35. axb4 Rd4 36. Rc4 Rxc4 37. Rxc4 Rd6 38. b5 Kd7 39. bxc6+
Nxc6 40. Bxc6+ Rxc6 41. Rxc6 Kxc6 42. Kd2 Kd5 43. Kd3 Ke5 44. Ke3 Kd5 45. Kf4
Kd6 46. e4 Ke7 47. e5 fxe5+ 48. Kxe5 Kf7 49. Nf3 h6 50. h4 Ke7 51. h5 Kf7 52.
Nd4 Ke7 53. Nc6+ Ke8 54. Ke6 Kf8 55. Ne5 Kg8 56. Ke7 Kh7 57. Kf8 Kh8 58. Nd7
Kh7 59. Nc5 1-0

[Event "Berkeley CC Ch2011 FNM; 30/90, SD/30"]
[Site "Berkeley"]
[Date "2011.12.02"]
[Round "5.7"]
[White "Li Jr, William"]
[Black "Maser, Thomas F"]
[Result "1/2-1/2"]
[WhiteElo "1637"]
[BlackElo "1966"]
[PlyCount "99"]
[EventDate "2011.??.??"]
[SourceDate "2007.10.22"]

1. Nf3 e6 2. g3 f5 3. Bg2 Nf6 4. O-O Be7 5. c4 O-O 6. d4 d5 7. cxd5 exd5 8.
Nbd2 c6 9. Ne5 Nbd7 10. f4 Qb6 11. Ndf3 Ne4 12. e3 Ndf6 13. Qc2 Be6 14. a3 c5
15. dxc5 Bxc5 16. Re1 Rac8 17. Qe2 Rc7 18. b4 Bd6 19. Bb2 Bxe5 20. Nxe5 Rfc8
21. Rac1 Bd7 22. Nxd7 Nxd7 23. Rxc7 Rxc7 24. Rc1 Rxc1+ 25. Bxc1 Qc6 26. Bb2 Nb6
27. Qd3 Qc4 28. Qd4 Qxd4 29. Bxd4 Kf7 30. Bxb6 axb6 31. Kf1 Ke6 32. Ke2 Nc3+
33. Kd3 Nb1 34. Kd4 Nxa3 35. Bxd5+ Kd6 36. Bb3 Nb5+ 37. Kd3 Nc7 38. e4 fxe4+
39. Kxe4 Na6 40. Bd5 Nxb4 41. Bxb7 Nc6 42. g4 b5 43. Bxc6 Kxc6 44. Kd4 Kd6 45.
f5 h6 46. h4 b4 47. g5 h5 48. f6 gxf6 49. gxf6 Ke6 50. f7 1/2-1/2

[Event "Berkeley CC Christiansen FNM; 30/90, SD/"]
[Site "Berkeley"]
[Date "2012.06.15"]
[Round "6.9"]
[White "Li Jr, William"]
[Black "Shan, Jonathan"]
[Result "0-1"]
[WhiteElo "1764"]
[BlackElo "1437"]
[PlyCount "60"]
[EventDate "2012.??.??"]

1. c4 Nf6 2. g3 c6 3. Nc3 d5 4. cxd5 cxd5 5. Bg2 Nc6 6. d4 Bf5 7. Qb3 Nxd4 8.
Qa4+ Nc6 9. Nf3 Qd7 10. Bf4 Ne4 11. Rc1 Nxc3 12. Rxc3 e5 13. Bd2 e4 14. Nd4 Bb4
15. Nxf5 Bxc3 16. Nxg7+ Bxg7 17. O-O Bxb2 18. Rd1 O-O-O 19. Bg5 f6 20. Qb3 fxg5
21. Qxb2 Rhe8 22. Rb1 Re7 23. Qf6 Rg8 24. Rc1 d4 25. h4 Rg6 26. Qf8+ Re8 27.
Qc5 gxh4 28. Qh5 Kb8 29. Qxh4 Qe7 30. Qf4+ Ka8 0-1

[Event "Berkeley CC Christiansen FNM; 30/90, SD/"]
[Site "Berkeley"]
[Date "2012.06.01"]
[Round "4.7"]
[White "Li Jr, William"]
[Black "Shen, Justin"]
[Result "1-0"]
[WhiteElo "1784"]
[BlackElo "1516"]
[PlyCount "53"]
[EventDate "2012.??.??"]

1. c4 e5 2. g3 Nc6 3. Bg2 g6 4. Nc3 Bg7 5. e3 Nge7 6. Nge2 O-O 7. O-O h5 8. d4
exd4 9. exd4 Nf5 10. Be3 Re8 11. Qd2 d6 12. Rad1 Nxe3 13. fxe3 Bg4 14. h3 Bxe2
15. Nxe2 Rb8 16. Bd5 Rf8 17. Nf4 Ne7 18. Be4 Qd7 19. Qg2 f5 20. Bf3 Qe8 21. Ne6
Qd7 22. Nxf8 Rxf8 23. g4 Qe8 24. gxh5 gxh5 25. Qg5 h4 26. Kh2 Qg6 27. Qxh4 1-0

[Event "Berkeley CC Capablanca FNM; 30/90, SD/3"]
[Site "Berkeley"]
[Date "2011.09.16"]
[Round "1.14"]
[White "Li Jr, William"]
[Black "Smail, John"]
[Result "1/2-1/2"]
[WhiteElo "1489"]
[BlackElo "1826"]
[PlyCount "37"]
[EventDate "2011.??.??"]
[SourceDate "2007.10.22"]

1. e4 c5 2. Nf3 Nc6 3. d4 cxd4 4. Nxd4 g6 5. Be3 Bg7 6. Nc3 Nf6 7. Qd2 O-O 8.
f3 d5 9. Nxc6 bxc6 10. O-O-O Qa5 11. g4 Rb8 12. e5 Qb4 13. b3 Qa3+ 14. Kb1 Nd7
15. f4 Ba6 16. h4 Bh6 17. h5 g5 18. Bxa6 Qxa6 19. fxg5 {remainder illegible}
1/2-1/2

[Event "Berkeley CS Rubinstein FNM; 30/90, SD/3"]
[Site "Berkeley"]
[Date "2011.08.26"]
[Round "5.7"]
[White "Li, William J"]
[Black "Curto, Wayne"]
[Result "1-0"]
[WhiteElo "1429"]
[BlackElo "1905"]
[PlyCount "105"]
[EventDate "2011.??.??"]
[SourceDate "2007.10.22"]

1. e4 c6 2. d4 d5 3. exd5 cxd5 4. Bd3 Nf6 5. Bf4 Qb6 6. b3 Bg4 7. f3 Bh5 8. Ne2
e6 9. Qd2 Be7 10. c4 dxc4 11. bxc4 O-O 12. c5 Qd8 13. Nbc3 Nd5 14. Nxd5 exd5
15. Rb1 b6 16. cxb6 axb6 17. O-O Bd6 18. Rfc1 Bg6 19. Bxd6 Qxd6 20. Nf4 Bxd3
21. Nxd3 Nd7 22. Rb2 Ra3 23. -- Qf6 24. Nb4 Qf5 25. Nc6 Qd3 26. Ne7+ Kh8 27.
Nxd5 Qxd2 28. Rxd2 Raa8 29. Rc6 Rab8 30. Rb2 b5 31. Nc3 Nf6 32. Rxb5 Ra8 33.
Kf2 h6 34. a4 Ra7 35. Ke3 Re8+ 36. Kd2 Rae7 37. Rbc5 Kg8 38. Rc8 Kf8 39. Rxe8+
Rxe8 40. Re5 Rb8 41. Rb5 Ra8 42. Kd3 Ra7 43. a5 Ke7 44. Ne4 Ne8 45. Kc4 f6 46.
Kb4 Nc7 47. Rh5 Rb7+ 48. Kc3 Nb5+ 49. Kc4 Na3+ 50. Kd3 Rb3+ 51. Nc3 Kd7 52. Rc5
Rb2 53. a6 1-0

[Event "Berkeley CC Colle FNM; 30/90, SD/30"]
[Site "Berkeley"]
[Date "2011.06.10"]
[Round "1.7"]
[White "Li, William J"]
[Black "Delaney, Will F"]
[Result "1/2-1/2"]
[WhiteElo "1444"]
[BlackElo "1837"]
[PlyCount "52"]
[EventDate "2011.??.??"]
[SourceDate "2007.10.22"]

1. e4 c5 2. Nf3 Nc6 3. c3 Qc7 4. d4 e6 5. Be3 Nf6 6. Nbd2 b6 7. Rc1 Be7 8. g3
O-O 9. Bf4 d6 10. e5 dxe5 11. Nxe5 Nxe5 12. Bxe5 Qb7 13. Rg1 Bd7 14. Qb3 Ne4
15. Bd3 Nxd2 16. Kxd2 Qf3 17. Rgf1 Bc6 18. Rcd1 Bg5+ 19. Kc2 cxd4 20. Bxd4 Bd5
21. c4 Rac8 22. h4 Bh6 23. Be3 Qg4 24. Bxh6 Bxc4 25. Bxc4 Rxc4+ 26. Kb1 gxh6
1/2-1/2

[Event "Berkeley CC Colle FNM; 30/90, SD/30"]
[Site "Berkeley"]
[Date "2011.07.15"]
[Round "6.11"]
[White "Li, William J"]
[Black "Landrum, Brett"]
[Result "1-0"]
[WhiteElo "1444"]
[BlackElo "1572"]
[PlyCount "97"]
[EventDate "2011.??.??"]
[SourceDate "2007.10.22"]

1. e4 e5 2. Nf3 Nc6 3. Bc4 Bc5 4. c3 d6 5. d4 exd4 6. cxd4 Bb4+ 7. Bd2 Bg4 8.
Bxb4 Nxb4 9. Bxf7+ Kxf7 10. Qb3+ Ke8 11. Qxb4 b6 12. Nbd2 Qe7 13. O-O Nf6 14.
Rfe1 Kd8 15. e5 Ne8 16. exd6 Qxd6 17. Qxd6+ Nxd6 18. h3 Bh5 19. Re2 Re8 20.
Rae1 Rxe2 21. Rxe2 Nf7 22. g4 Bg6 23. Ne5 Nxe5 24. dxe5 Ke7 25. f4 Bd3 26. Re3
Rd8 27. Kf2 Ba6 28. Ne4 Rd3 29. Rxd3 Bxd3 30. Ke3 Bb1 31. a3 h6 32. h4 c5 33.
g5 hxg5 34. hxg5 Ke6 35. Kf3 Ba2 36. Nd6 Kd7 37. f5 a6 38. f6 gxf6 39. gxf6 b5
40. b4 Bd5+ 41. Ke3 c4 42. Kd4 Be6 43. Nb7 Ke8 44. Nc5 Bc8 45. e6 Kd8 46. e7+
Ke8 47. Ne4 Kd7 48. Nd6 Kxd6 49. e8=Q 1-0

[Event "Berkeley CC Reti FNM; 30/90, SD/60"]
[Site "Berkeley CA"]
[Date "2011.05.06"]
[Round "3.11"]
[White "Li, William J"]
[Black "Motschenbacher, Von"]
[Result "0-1"]
[WhiteElo "1264"]
[BlackElo "1762"]
[PlyCount "114"]
[EventDate "2011.??.??"]
[SourceDate "2007.10.22"]

1. e4 e6 2. Nf3 d5 3. exd5 exd5 4. c4 d4 5. Qc2 c5 6. Qe4+ Qe7 7. Bd3 Nf6 8.
Qxe7+ Bxe7 9. O-O Nc6 10. Re1 Be6 11. Ng5 Kd7 12. Na3 Rae8 13. Nxe6 fxe6 14.
Be4 Nxe4 15. Rxe4 Nb4 16. b3 Bd6 17. Nb5 Bb8 18. Bb2 a6 19. Nxd4 cxd4 20. Bxd4
e5 21. Bc3 Bd6 22. Rae1 Nxa2 23. Bxe5 Bxe5 24. Rxe5 Rxe5 25. Rxe5 Nb4 26. Kf1
Re8 27. Rxe8 Kxe8 28. Ke2 Ke7 29. d4 Ke6 30. Ke3 Kf5 31. f4 Nc2+ 32. Kd3 Ne1+
33. Kc3 Nxg2 34. d5 b6 35. Kd4 Nxf4 36. c5 bxc5+ 37. Kxc5 a5 38. d6 Ke6 39. Kc6
Nd3 40. Kc7 Ne5 41. Kb6 Kxd6 42. Kxa5 g5 43. Ka6 g4 44. b4 h5 45. b5 h4 46. b6
g3 47. b7 Nc6 48. hxg3 hxg3 49. Kb6 g2 50. b8=Q+ Nxb8 51. Kb5 g1=Q 52. Kc4 Qd1
53. Kc3 Kd5 54. Kb4 Qc2 55. Ka5 Qb1 56. Ka4 Kc4 57. Ka5 Qb5# 0-1

[Event "Berkeley CS Rubinstein FNM; 30/90, SD/3"]
[Site "Berkeley"]
[Date "2011.08.19"]
[Round "4.9"]
[White "Li, William J"]
[Black "Sowell, Nelson M"]
[Result "1-0"]
[WhiteElo "1429"]
[BlackElo "1722"]
[PlyCount "67"]
[EventDate "2011.??.??"]
[SourceDate "2007.10.22"]

1. e4 Nf6 2. e5 Nd5 3. d4 d6 4. c4 Nb6 5. Nf3 Bg4 6. Be2 e6 7. exd6 cxd6 8. Bf4
Be7 9. Nbd2 O-O 10. h3 Bh5 11. O-O Nc6 12. Rc1 Qd7 13. Qb3 Bxf3 14. Nxf3 Nxd4
15. Nxd4 e5 16. Be3 exd4 17. Bxd4 Qa4 18. Qc3 f6 19. Qe3 Rfe8 20. Bh5 g6 21.
Qe6+ Kg7 22. Bf3 Qa6 23. g4 h6 24. h4 g5 25. h5 Rac8 26. Qf5 Rh8 27. Qg6+ Kf8
28. Bxf6 Bxf6 29. Qxf6+ Kg8 30. Qg6+ Kf8 31. Qxd6+ Kg7 32. Rfe1 Nxc4 33. Qe7+
Kg8 34. Bd5+ 1-0

[Event "BCC Grand ReOpening 2007"]
[Site "?"]
[Date "2007.09.30"]
[Round "4"]
[White "Lloyd, Austin"]
[Black "Ceponis, Dave"]
[Result "1/2-1/2"]
[WhiteElo "1295"]
[BlackElo "1741"]
[PlyCount "35"]
[EventDate "2007.??.??"]
[SourceDate "2007.10.22"]

1. d4 d5 2. c4 e6 3. Nc3 Nf6 4. Bg5 Be7 5. Nf3 O-O 6. Bxf6 Bxf6 7. e4 dxe4 8.
Nxe4 Be7 9. Bd3 c5 10. Nxc5 Bxc5 11. dxc5 Qa5+ 12. Qd2 Qxc5 13. O-O Nc6 14.
Rfe1 f6 15. Qf4 e5 16. Qh4 g6 17. Qh6 Ne7 18. h4 {
(scoresheet stopped making sense)} 1/2-1/2